| 000 | 00000nam 2200000zi 4500 |
| 001 | 9.869747 |
| 003 | CaOODSP |
| 005 | 20221107162931 |
| 006 | m o d f |
| 007 | cr cn||||||||| |
| 008 | 190319t20192019oncb o f000 0 eng d |
| 020 | |a9780660300009 |
| 040 | |aCaOODSP|beng|erda|cCaOODSP |
| 043 | |an-cn--- |
| 045 | |ay1y1 |
| 086 | 1 |aA118-10/6-2016E-PDF |
| 245 | 00|aCrop profile for cranberry in Canada, 2016 / |cprepared by: Pest Management Program, Agriculture and Agri-Food Canada. |
| 250 | |aThird edition - 2019. |
| 264 | 1|aOttawa, ON : |bAgriculture and Agri-Food Canada = Agriculture et agroalimentaire Canada, |c2019. |
| 264 | 4|c©2008, 2015, 2019 |
| 300 | |a1 online resource (71 pages) : |bcolour map. |
| 336 | |atext|btxt|2rdacontent |
| 337 | |acomputer|bc|2rdamedia |
| 338 | |aonline resource|bcr|2rdacarrier |
| 500 | |aIssued also in French under title: Profil de la culture de la canneberge au Canada, 2016. |
| 500 | |aCover title. |
| 504 | |aIncludes bibliographical references (pages 68-71). |
| 692 | 07|2gccst|aFruit crops |
| 692 | 07|2gccst|aStatistics |
| 710 | 1 |aCanada. |bAgriculture and Agri-Food Canada. |
| 710 | 2 |aPest Management Centre (Canada) |
| 775 | 08|tProfil de la culture de la canneberge au Canada, 2016 / |w(CaOODSP)9.869749 |
| 794 | |tCrop profile for cranberry in Canada, 2019 / |w(CaOODSP)9.888333 |
| 795 | |tCrop profile for cranberry in Canada, 2013 |w(CaOODSP)9.802151 |
| 856 | 40|qPDF|s1.36 MB|uhttps://publications.gc.ca/collections/collection_2019/aac-aafc/A118-10-6-2016-eng.pdf |
| 986 | |a12900E |